00588nam a22001817a 450000500170000001000150001702000260003203500140005803700130007208200160008524500940010125000060019526000400020127000590024130000280030050000510032870000270037920231130145708.0 aENG-138497 a9789393330000c635.00 aEN-122029 aDBAD/PUB a616.904123 aAnathanarayan and Panicker's Textbook of Microbiology For Nurses/cEdited By Sonal Saxena a3 aHyderabadbUniversities Pressc2024 a3-6-747/1/A & 3-6-754/1 HimayatnagarbHyderbade500029 a322p. b28cm(pbk)cill. a Includes bibliographical references and index dSaxena, Sonal aEditor